| 000 | 00661nam a22002297a 4500 | ||
|---|---|---|---|
| 003 | OSt | ||
| 005 | 20140310182818.0 | ||
| 008 | 130302t xxu||||| |||| 00| 0 eng d | ||
| 020 | _a9780073513478 | ||
| 050 |
_aLB 2395.3 _b.E43 2008 |
||
| 082 |
_aM 428.40711 _bE43 2008 |
||
| 245 |
_aExercise your college reading skills _bdeveloping more powerful comprehension _cElder, Janet |
||
| 250 | _a2nd ed. | ||
| 260 |
_aNew York, NY _bMcGraw-Hill Companies _cc2008 |
||
| 300 |
_a1 v. (various pagings) _bill. _c28 cm. |
||
| 521 | _acollege students | ||
| 526 | _c1210L-1700L | ||
| 541 | _j1 | ||
| 541 | _j2 | ||
| 562 | _e2 | ||
| 942 |
_2lcc _cBK _kM |
||
| 999 |
_c16320 _d16320 |
||